000 00813nam a2200253 i 4500
001 17003
003 ES-MaACL
005 20250905133300.0
007 t|
008 001213s2000 sp ||||1| spa d
020 _a84-339-2088-X
080 _a821.111(73)-31"19"
100 1 _aBukowski, Charles.
_932490
245 1 0 _aEscritos de un viejo indecente /
_cCharles Bukowski ; traducción de J. M. Alvarez Flórez y Angela Pérez.
250 _a7ª ed. en "Compactos".
260 _aBarcelona :
_bAnagrama,
_c2000.
300 _a213 p. ;
_c19 cm.
490 1 _aCompactos Anagrama ;
_v84
700 1 _aÁlvarez Flórez, José Manuel.
_920809
700 1 _aPérez Gómez, Ángela
_990555
830 0 _aCompactos Anagrama ;
_v84
_9180205
852 _aES-MaACL
_jL-24067
_bR.129088
999 _c17003
_d17003